เปลี่ยนเป็นภาษาไทย

Change to English
 แสดงรายละเอียดบรรณานุกรม
  กลับหน้าหลัก

Brief Record : Get Marc (ISO 2709) : E-mail record : QR code < ปิดหน้าต่าง
mysqli: Table './ulib62015/stat_globaluid' is marked as crashed and should be repaired
select id from stat_globaluid where statuid='20260517235443_4535' 
mysqli: Table './ulib62015/stat_globaluid' is marked as crashed and should be repaired
DELETE FROM stat_globaluid
			WHERE id NOT IN (
			  SELECT id
			  FROM (
				SELECT id
				FROM stat_globaluid
				ORDER BY id DESC
				LIMIT 100
			  ) foo
			); 
mysqli: Table './ulib62015/stat_globaluid' is marked as crashed and should be repaired
insert into stat_globaluid set
		statuid='20260517235443_4535',
		dt='1779036883',
		phpself='/ULIB62015/dublinfull.php',
		agent='Mozilla/5.0 AppleWebKit/537.36 (KHTML, like Gecko; compatible; ClaudeBot/1.0; +claudebot@anthropic.com)',
		yea='2026',
		mon='5',
		dat='17',
		ip='216.73.216.45'
		
		
mysqli: Table './ulib62015/stathist_viewbib_bib_type' is marked as crashed and should be repaired
insert into stathist_viewbib_bib_type set 
		dat='17' ,
		 mon='05' ,
		  yea='2026' ,
			 statuid='20260517235443_4535' ,
			 head='13399108033' ,
			 foot='marc' ,
			 dt='1779036883' 
		
LEADER : 01174nam 2200277 a 4500
001    13399108033
003     ULIB
008    030417s2553 caua sb 001 0 eng
020    ^a9786162001130
082    ^aTR ธ262
100    ^aธนิต วงศ์ศรีชลาลัย
245    ^abasic landscape & การถ่ายภาพท่องเที่ยว
945    ^p199^l0^i015481
945    ^p0^l0^i015483
945    ^p0^l0^i015484
999     ^aKey new Using ULIBM easy add form
รายการนี้ยังไม่มีแท็ก
คุณยังไม่ได้ล็อกอิน คุณสามารถมีกิจกรรมร่วมกับเว็บไซต์ได้ แต่ต้องล็อกอินก่อน ::
  ล็อกอิน
  One Stop Service : ศูนย์ให้บริการแบบเบ็ดเสร็จ   จัดการหนังสือโปรด   แจ้งรายการบรรณานุกรมผิดพลาด
ลำดับที่ ประเภท เลขเรียก/บาร์โค้ด สถานที่ สถานะ
1. หนังสือ
หนังสือ
TR ธ262 2553 ฉ.1 
  Barcode: 015481
หนังสือทั่วไป บนชั้น
  ขอยืม
2. หนังสือ
หนังสือ
TR ธ262 2553 ฉ.3 
  Barcode: 015483
หนังสือทั่วไป บนชั้น
  ขอยืม
3. หนังสือ
หนังสือ
TR ธ262 2553 ฉ.4 
  Barcode: 015484
หนังสือทั่วไป บนชั้น
  ขอยืม

BibComment


ยังไม่เคยถูกคอมเมนท์

คอมเมนท์ทรัพยากรรายการนี้
  คอมเมนท์: basic landscape ..
Bib 13399108033

 
 
 

 Union Library Management : ULibM
Copyright 2026. All Rights Reserved.